Statistiques concernant Le record de pic de viewers sur Twitch

Cliquez ici pour prendre le quiz!

Statistiques générales

  • Ce quiz a été pris 204 fois
  • Le résultat moyen est 15 sur 50

Statistiques - réponses

PicChaîne% Correct
1,041,828Squeezie
95%
1,155,060Aminematué
89%
405,271Gotaga
80%
436,418Inoxtag
73%
76,063OMOfficial
73%
707,071ZeratoR
73%
278,994Michou
69%
155,443Rebeudeter
65%
204,966Domingo
63%
419,458Kameto
59%
297,748Doigby
58%
74,618Antoine Daniel
53%
102,442Ponce
48%
58,905Locklear
47%
181,902Joueur du Grenier
46%
242,237Etoiles
43%
315,018Lebouseuh
41%
261,719JLTomy
37%
70,183Mistermv
37%
146,958Sardoche
31%
55,973Solary
30%
145,205Lestream
29%
126,149Jirayalecochon
28%
54,058Maxime Biaggi
28%
53,814Xari
27%
93,334Rivenzi
20%
59,886Jeel TV
17%
101,276Little Big Whale
17%
84,968Samuel Etienne
17%
162,696Moman
16%
56,321Zack Nani
16%
204,072OTPLOL
15%
52,543Alphacast
14%
61,373Mcfly et Carlito
12%
175,009SolaryFortnite
12%
137,266Zevent
12%
59,343ChowH1
10%
51,592TheKairi78
9%
50,600Kaydop
8%
81,933Lapi
7%
56,190Aiekillu
2%
77,966SkyrrozTV
2%
69,282FRZod
1%
90,209Hugo Décrypte
1%
204,222OgamingLOL
1%
67,223Prime Video Fr
1%
50,164Gaming Iserois
0%
71,555Minjuri
0%
48,751OgamingTV
0%
101,283Zepae
0%

Distribution des résultats

Percentile par nombre de réponses

% des personnes avec chaque résultat

Votre développement - résultats

Vous n’avez pas pris ce quiz